00371nam a2200133Ia 4500008004100000040001900041041001200060082002100072245005100093260005200144300001900196650000800215850001400223131103s9999 xx 000 0 und d aLoreto College aEnglish aREFbLCBED/10399 aReport on the public nstruction in West Bengal aWest BengalbWest Bengal Government Pressc1958 a201p. c 21cm. aREF aLCBED/REF